Online katalóg knižníc regiónu Turca

Zvieratká z abecedy (Record no. 21245)

MARC details
000 -LEADER
fixed length control field 02117cam a2200577 a 4500
001 - CONTROL NUMBER
control field 21245
003 - CONTROL NUMBER IDENTIFIER
control field VRT
005 - DATE AND TIME OF LATEST TRANSACTION
control field 20260225111116.0
008 - FIXED-LENGTH DATA ELEMENTS--GENERAL INFORMATION
fixed length control field 240318s2017 xo af ar 000 p slo
015 ## - NATIONAL BIBLIOGRAPHY NUMBER
National bibliography number SNBA2017/04
020 ## - INTERNATIONAL STANDARD BOOK NUMBER
International Standard Book Number 9788055151519
Qualifying information (viaz.)
035 ## - SYSTEM CONTROL NUMBER
System control number urn:nbn:sk:snk-am00cwmo
035 ## - SYSTEM CONTROL NUMBER
System control number urn:nbn:sk:snk-am3hn2y
035 ## - SYSTEM CONTROL NUMBER
System control number 4C8D8A7C-1117-4CD5-94FB-7C2037560AED
039 #9 - LEVEL OF BIBLIOGRAPHIC CONTROL AND CODING DETAIL [OBSOLETE]
Level of rules in bibliographic description 202512100838
Level of effort used to assign nonsubject heading access points msnk160
Level of effort used to assign subject headings 202403182027
Level of effort used to assign classification VLOAD
Level of effort used to assign subject headings 202309051554
Level of effort used to assign classification msvkpo26
Level of effort used to assign subject headings 202304231350
Level of effort used to assign classification AUTHORITY
040 ## - CATALOGING SOURCE
Original cataloging agency SNK
Language of cataloging slo
Transcribing agency SNK
Description conventions AACR2
041 0# - LANGUAGE CODE
Language code of text/sound track or separate title slo
044 ## - COUNTRY OF PUBLISHING/PRODUCING ENTITY CODE
MARC country code xo
ISO country code SK
072 #7 - SUBJECT CATEGORY CODE
Subject category code 821.162.4-1
Subject category code subdivision Slovenská poézia
Source konspekt
072 #7 - SUBJECT CATEGORY CODE
Subject category code 821-93
Subject category code subdivision Literatúra pre deti a mládež (beletria)
Source konspekt
080 ## - UNIVERSAL DECIMAL CLASSIFICATION NUMBER
Universal Decimal Classification number 003.23
Edition identifier 2011
080 ## - UNIVERSAL DECIMAL CLASSIFICATION NUMBER
Universal Decimal Classification number 82-93-053.2
Edition identifier 2011
080 ## - UNIVERSAL DECIMAL CLASSIFICATION NUMBER
Universal Decimal Classification number 821.162.4-1
Edition identifier 2011
080 ## - UNIVERSAL DECIMAL CLASSIFICATION NUMBER
Universal Decimal Classification number 82-1-053.2
Edition identifier 2011
100 1# - MAIN ENTRY--PERSONAL NAME
Personal name Ďuričová, Ivona,
Dates associated with a name 1964-
Relationship aut
245 10 - TITLE STATEMENT
Title Zvieratká z abecedy
Statement of responsibility, etc. Ivona Ďuričová ; ilustroval Adrián Macho
250 ## - EDITION STATEMENT
Edition statement Prvé vydanie
260 ## - PUBLICATION, DISTRIBUTION, ETC.
Place of publication, distribution, etc. Bratislava
Name of publisher, distributor, etc. Ikar, a. s. - Stonožka
Date of publication, distribution, etc. 2017
300 ## - PHYSICAL DESCRIPTION
Extent 59 s., [5] s. text. príl.
Other physical details fareb. ilustr.
Dimensions 21 cm
500 ## - GENERAL NOTE
General note Obsahuje 5 s. hádaniek o zvieratkách
521 1# - TARGET AUDIENCE NOTE
Target audience note Pre deti od 4 rokov
650 07 - SUBJECT ADDED ENTRY--TOPICAL TERM
Topical term or geographic name entry element abeceda
Source of heading or term SNKPH
650 07 - SUBJECT ADDED ENTRY--TOPICAL TERM
Topical term or geographic name entry element Alphabet
Source of heading or term SNKPHeng
655 #7 - INDEX TERM--GENRE/FORM
Genre/form data or focus term slovenská poézia
Source of term SNKPH
655 #7 - INDEX TERM--GENRE/FORM
Genre/form data or focus term poézia pre deti
Source of term SNKPH
655 #7 - INDEX TERM--GENRE/FORM
Genre/form data or focus term literatúra pre deti
Source of term SNKPH
655 #7 - INDEX TERM--GENRE/FORM
Genre/form data or focus term Slovak poetry
Source of term SNKPHeng
655 #7 - INDEX TERM--GENRE/FORM
Genre/form data or focus term Children's poetry
Source of term SNKPHeng
655 #7 - INDEX TERM--GENRE/FORM
Genre/form data or focus term Children's literature
Source of term SNKPHeng
700 1# - ADDED ENTRY--PERSONAL NAME
Personal name Macho, Adrián,
Dates associated with a name 1982-
Relationship ill
787 08 - OTHER RELATIONSHIP ENTRY
Relationship information Zo série:
Title Zábava s abecedou
Related parts 1
942 ## - ADDED ENTRY ELEMENTS (KOHA)
Source of classification or shelving scheme Dewey Decimal Classification
Koha item type Krásna literatúra pre deti
Suppress in OPAC No
949 ## - LOCAL PROCESSING INFORMATION (OCLC)
6 3869A14410
a bpksh821.162.4-1
b bpksh71752
949 ## - LOCAL PROCESSING INFORMATION (OCLC)
6 270001000558145
a svkbbA 150199
b svkbbm 767175
949 ## - LOCAL PROCESSING INFORMATION (OCLC)
6 2889325820
a savukPV 23960
b savuk2017/1772
949 ## - LOCAL PROCESSING INFORMATION (OCLC)
6 17A1254940
a snkSC 173903
b snk2017/7799
o 668/17
s 6100:20170420
949 ## - LOCAL PROCESSING INFORMATION (OCLC)
6 17A1254941
a snkSC 173903 D1
b snk2017/7801
o 668/17
949 ## - LOCAL PROCESSING INFORMATION (OCLC)
6 273K0619866
a svkpoA 235508
b svkpo616311
Holdings
Stav vyradenia Strata Poškodenie Spôsob nadobudnutia Domovská knižnica Aktuálna knižnica Dátum nadobudnutia Total checkouts Čiarový kód exemplára Date last seen Typ exemplára
      Dar Obecná knižnica Turčianska Štiavnička Obecná knižnica Turčianska Štiavnička 25.02.2026   4738000022 25.02.2026 Krásna literatúra pre deti
Projekt je podporený Slovenskou asociáciou knižníc
Prevádzkuje Turčianska knižnica Martin 2026